000 00528nam a2200205Ia 4500
005 20250508165044.0
008 008 250505s9999 xx 000 0 hin d
037 _aTextual
040 _aFEDL
_beng
_cFEDL
041 _ahin
_2hin
084 _a891.431, VER
_qFEDL
100 _aVerma Mahadevi
245 0 _aSandhini
260 _aAllahabad, India
_bLokbharati Prakashan
_c1992
300 _a165p.
365 _aINR
_b40
546 _aMACESE
942 _cTEXL
_h891.431, VER
999 _c1392874
_d1392874